Nắm vững và vận dụng ngôn ngữ đàm thoại tiếng Anh

Đã lưu trong:
書目詳細資料
格式: 圖書
語言:Undetermined
出版: Thành phố Hồ Chí Minh Nhà xuất bản Thành phố Hồ Chí Minh 2002
主題:
標簽: 添加標簽
沒有標簽, 成為第一個標記此記錄!
Thư viện lưu trữ: Trung tâm Học liệu Trường Đại học Cần Thơ
LEADER 00671nam a2200181Ia 4500
001 CTU_57158
008 210402s9999 xx 000 0 und d
020 |c 68000 
082 |a 428.24 
082 |b N114 
245 0 |a Nắm vững và vận dụng ngôn ngữ đàm thoại tiếng Anh 
245 0 |c Lê Huy Lâm và Phạm Văn Sáng biên dịch 
260 |a Thành phố Hồ Chí Minh 
260 |b Nhà xuất bản Thành phố Hồ Chí Minh 
260 |c 2002 
650 |a English language,English language 
650 |x Textbooks for foreign speakers,Spoken english 
980 |a Trung tâm Học liệu Trường Đại học Cần Thơ